The Mediterranean and Middle East. (Record no. 551868)

000 -LEADER
fixed length control field 01230cam a2200169 4500
082 00 - DEWEY DECIMAL CLASSIFICATION NUMBER
Classification number 940.5423
Author Mark PLA
-- L-30, P-94
100 1# - MAIN ENTRY--PERSONAL NAME
Personal name Playfair, Ian Stanley Ord.
9 (RLIN) 49034
245 14 - TITLE STATEMENT
Title The Mediterranean and Middle East.
260 ## - PUBLICATION, DISTRIBUTION, ETC.
Place of publication, distribution, etc. London,
Name of publisher, distributor, etc. H.M. Stationery Off.,
Date of publication, distribution, etc. 1954-1988.
300 ## - PHYSICAL DESCRIPTION
Extent 6 v. in 8
Other physical details illus., group ports., maps (part fold., part col.)
Dimensions 26 cm.
505 0# - FORMATTED CONTENTS NOTE
Formatted contents note v. 1. The early successes against Italy (to May 1941)--v. 2. The Germans come to the help of their ally (1941)--v. 3. British fortunes reach their lowest (Sept. 1941 to Sept. 1942)--v. 4. The destruction of the Axis forces in Africa.--v. 5. The campaign in Sicily 1943, and the campaign in Italy, 3rd September 1943 to 31st March 1944.--v. 6. Victory in the Mediterranean. pt. 1. 1st April to 4th June 1944 / by C.J.C. Molony with F.C. Flynn, H.L. Davies, T.P. Gleave ; rev. by Sir William Jackson. pt. 2. June to October 1944 / by Sir William Jackson with T.P. Gleave. pt. 3. November 1944 to May 1945 / by Sir William Jackson with T.P. Gleave.
526 ## - STUDY PROGRAM INFORMATION NOTE
Program name 0
Interest level 0
Reading level 0
Title point value 940_542300000000000_PLA
650 #0 - SUBJECT ADDED ENTRY--TOPICAL TERM
Topical term or geographic name entry element MCE
9 (RLIN) 379
650 #0 - SUBJECT ADDED ENTRY--TOPICAL TERM
Topical term or geographic name entry element World War, 1939-1945
Geographic subdivision Mediterranean Region.
9 (RLIN) 49035
650 #0 - SUBJECT ADDED ENTRY--TOPICAL TERM
Topical term or geographic name entry element World War, 1939-1945
Geographic subdivision Middle East.
9 (RLIN) 37994
942 ## - ADDED ENTRY ELEMENTS (KOHA)
Source of classification or shelving scheme
Koha item type Book
Holdings
Withdrawn status Lost status Source of classification or shelving scheme Damaged status Not for loan Permanent Location Current Location Date acquired Total Checkouts Full call number Barcode Date last seen Price effective from Koha item type
          Military College of Engineering (MCE) Military College of Engineering (MCE) 12/31/2014   940.5423 PLA MCE-2677A 12/31/2014 03/14/2021 Book
© 2023 Central Library, National University of Sciences and Technology. All Rights Reserved.